000 00641nam a22001817a 4500
005 20260105141302.0
008 260105b |||||||| |||| 00| 0 eng d
037 _cTB
040 _aAL
_cAL
084 _qAL
100 _aत्रिपाठी, रामसागर
_9861856
245 _aभारतीय नाट्यशास्त्र और रंगमंच
260 _aदिल्ली, भारत:
_bअशोक प्रकाशन ,
_c1987.
300 _a256 p.
365 _b45.00
_cINR
942 _2CC
_cTB
_n0
999 _c1466878
_d1466878